| 000 | 00507nam a2200169 a 4500 | ||
|---|---|---|---|
| 001 | 000029003 | ||
| 005 | 20200930055253.0 | ||
| 008 | 110413s2002 dr 000 0 spa d | ||
| 040 |
_aDO-SdBNP _bspa _cBNPHU |
||
| 082 |
_axxxx _bC322a |
||
| 100 | 1 |
_aCartagena, Francisco, _d1972- _925142 |
|
| 245 | 1 | 3 |
_aEl ángel soy yo / _cFrancisco Cartagena; prólogo Rocio Then. |
| 260 |
_aSanto Domingo : _bImpresora Fama, _c2002. |
||
| 300 |
_a39 p. ; _c15 cm. |
||
| 700 | 1 | 2 |
_aThen, Rocio, _epról. _955927 |
| 049 | _aBNPD | ||
| 999 |
_c28495 _d28495 |
||